书目信息 |
| 题名: |
送电线路工操作技能考核题库
|
|
| 作者: | ;国家电网公司 编 | |
| 分册: | ||
| 出版信息: | 银川 阳光出版社 2016 |
|
| 页数: | 18,550页 | |
| 开本: | 24cm | |
| 丛书名: | ||
| 单 册: | ||
| 中图分类: | TM726-44 , TM726 | |
| 科图分类: | ||
| 主题词: | 输电线路--职业技能--题库 | |
| 电子资源: | ||
| ISBN: | 978-7-5525-2555-7 | |
| 000 | 01123nam0 2200265 450 | |
| 001 | 2347951893 | |
| 005 | 20231210131941.24 | |
| 010 | @a978-7-5525-2555-7@d85.00CNY | |
| 090 | @aTM72@bgjd | |
| 096 | @aTM72@bgwn | |
| 100 | @a20161114d2016 em y0chiy0120 ea | |
| 101 | 0 | @achi |
| 102 | @aCN@b640000 | |
| 105 | @ay q 000yy | |
| 200 | 1 | @a送电线路工操作技能考核题库@Asong dian xian lu gong cao zuo ji neng kao he ti ku@dExamination database for transmission lines workers' operating skills@f国网宁夏电力公司编@zeng |
| 210 | @a银川@c阳光出版社@d2016 | |
| 215 | @a18,550页@d24cm | |
| 330 | @a本书以《国家职业技能鉴定规范》和电力行业《职业技能鉴定指导书》为编写依据,内容涵盖了宁夏电力行业政策、标准、规程、规定及新设备、新技术、新知识、新工艺。具体内容包括送电线路工技能笔答、送电线路工技能操作两部分。 | |
| 510 | 1 | @aExamination database for transmission lines workers' operating skills@zeng |
| 606 | 0 | @a输电线路@x职业技能@j题库 |
| 690 | @aTM726-44@v5 | |
| 690 | @aTM726@v4 | |
| 711 | 02 | @a国家电网公司@Aguo jia dian wang gong si@b宁夏电力公司@4编 |
| 801 | 2 | @aCN@b辽宁北配@c20231205 |
| 905 | @aBZT@dTM726@e13 | |
| 送电线路工操作技能考核题库=Examination database for transmission lines workers' operating skills/国网宁夏电力公司编.-银川:阳光出版社,2016 |
| 18,550页;24cm |
| ISBN 978-7-5525-2555-7:85.00CNY |
| 本书以《国家职业技能鉴定规范》和电力行业《职业技能鉴定指导书》为编写依据,内容涵盖了宁夏电力行业政策、标准、规程、规定及新设备、新技术、新知识、新工艺。具体内容包括送电线路工技能笔答、送电线路工技能操作两部分。 |
| ● |
| 相关链接 |
|
|
|
正题名:送电线路工操作技能考核题库
索取号:TM726/13
 
预约/预借
| 序号 | 登录号 | 条形码 | 馆藏地/架位号 | 状态 | 备注 |
| 1 | 2001566886 | 2001566886 | 辽三/辽宁北配(第三批)/1497/ [索取号:TM726/13] | 在馆 | |
| 2 | 2001566887 | 2001566887 | 辽三/辽宁北配(第三批)/1497/ [索取号:TM726/13] | 在馆 | |
| 3 | 2001566888 | 2001566888 | 辽三/辽宁北配(第三批)/1497/ [索取号:TM726/13] | 在馆 | |
| 4 | 2001566889 | 2001566889 | 辽三/辽宁北配(第三批)/1497/ [索取号:TM726/13] | 在馆 | |
| 5 | 2001566890 | 2001566890 | 辽三/辽宁北配(第三批)/1497/ [索取号:TM726/13] | 在馆 | |
| 6 | 2001566891 | 2001566891 | 辽三/辽宁北配(第三批)/1497/ [索取号:TM726/13] | 在馆 | |
| 7 | 2001566892 | 2001566892 | 辽三/辽宁北配(第三批)/1497/ [索取号:TM726/13] | 在馆 | |
| 8 | 2001566893 | 2001566893 | 辽三/辽宁北配(第三批)/1497/ [索取号:TM726/13] | 在馆 | |
| 9 | 2001566894 | 2001566894 | 辽三/辽宁北配(第三批)/1497/ [索取号:TM726/13] | 在馆 |